000 00398nam a2200145Ia 4500
008 220217s9999||||xx |||||||||||||| ||und||
020 _a0-07-058189-4
082 _a425 GUH
100 _aGuha, Abhijit
245 0 _aQuantitative aptitude: for competitive examinations
250 _a3rd
260 _aTata mc graw hill ltd.
_bNew Delhi
_c2005
300 _b250
650 _aENGLISH GRAMMER
999 _c173735
_d173735